|
|
|
|
| LEADER |
02578nam a2200457 a 4500 |
| 001 |
000000881 |
| 005 |
20260225084307.0 |
| 008 |
050727s1896 xo e hun |
| FMT |
|
|
|
| 040 |
|
|
|a SVKKK
|b slo
|c SVKKK
|e AACR2
|
| 041 |
0 |
|
|a hun
|
| 044 |
|
|
|a xo
|c SK
|
| 080 |
|
|
|a 373.51(091)
|
| 100 |
1 |
|
|a Halász, Ladislav,
|d 1830-1904
|4 aut
|
| 245 |
1 |
2 |
|a A Lőcsei Királyi Katholikus Főgymnasium Története :
|b Irta Halász László Tankerületi Kir. Főigazgató És Kir. Főgymnasiumi Igazgató.
|
| 260 |
|
|
|a Lőcse :
|b Nyomatott Reiss Józs. T. Könyvnyomdájában,
|c 1896
|
| 300 |
|
|
|a [2],VIII,250,III,[1] s. [5],1/8-15/8,16/4,17/3 [=132] list.
|b 7 ilustr. Tab.
|c 8°. 25x17 cm
|e 1 ilustr.
|
| 500 |
|
|
|a V texte sa vyskytuje aj lat. jaz.
|
| 500 |
|
|
|a Vineta ornam., frontispis s vedutou mesta Levoča so sign. "H&H ph.", celostrán. ilustr. znázorňujúce budovu gymnázia so sign. "H&H ph." a 3 titl. listy zo škol. správ z r. 1790, 1844, 1845, typograf. ozdoby, tlač. pozn. pod čiarou v jaz. maď., lat., nem.
|
| 508 |
|
|
|a Na s. V-VIII úvod autora v závere s textom "Írtam Lőcsén, 1896. évi október hó 15-én."
|
| 510 |
4 |
|
|a Petrik 1886-1900/280; Hanakovič I/372; Telgársky 210/1473 [menej s.]; Kolodziejský 123/811; Rizner III/45 [pod Levoča]; Telgársky-Banská III/4804; Lyc. kn. Kez; OSZK; SNK.
|
| 561 |
|
|
|a Peč.: Štátna vedecká knižnica v Košiciach; Felsőmagyarországi Rákóczi Muzeum; A Kassai Muzeum Könyvtára; Kassa sz. kir. város levéltára; Kassa Sz. Kir. Város Közkönyvtára (A Felsőmagyarországi Muzeum könyvtárából) 4440 Sorszám.
|
| 563 |
|
|
|a Lepenka, béžovo-hnedý mramor. papier, chrbát a rohy hnedé plátno, na chrbáte zlát. ornam.-link. slepotlač a zlát. text "Halász. A Lőcsei Főgimnázium Története."
|
| 653 |
1 |
|
|a Katolícke gymnázium, Levoča
|
| 653 |
1 |
|
|a dejiny
|
| 653 |
1 |
|
|a stredné školy
|
| 700 |
1 |
|
|a Halász, Ladislav,
|d 1830-1904
|4 aui
|
| 700 |
1 |
|
|a Husník & Häusler,
|d 1888-
|4 pht
|
| 710 |
0 |
|
|a Reiss, Jozef Teodor
|c Levoča
|d 1879-1920
|4 prt
|
| 710 |
0 |
|
|a archívy - Mestský archív
|c Košice
|4 sgn
|
| 710 |
0 |
|
|a knižnice - Verejná knižnica
|c Košice
|4 sgn
|
| 710 |
0 |
|
|a knižnice - Východoslovenské múzeum
|c Košice
|4 sgn
|
| 710 |
0 |
|
|a múzeá - Východoslovenské múzeum
|c Košice
|4 sgn
|
| 752 |
|
|
|a Slovensko
|d Levoča
|
| 852 |
|
|
|p IV.63284
|
| 904 |
|
|
|a f---gi--zga------yydaa0000--
|
| 905 |
|
|
|a dfgb0bb-
|5 -------
|
| 910 |
|
|
|a svkkk
|
| 997 |
|
|
|c Kassa sz. kir. város levéltára p. archívy - Mestský archív, Košice
|4 sgn
|
| 998 |
|
|
|a MALETL
|
| BAS |
|
|
|